Discursos Universitarios
Na minha lista:
| Autor principal: | |
|---|---|
| Formato: | Livro |
| Idioma: | espanhol |
| Publicado em: |
Valdivia
Universidad Austral de Chile
1970
|
| Assuntos: | |
| Tags: |
Adicionar Tag
Sem tags, seja o primeiro a adicionar uma tag!
|
MARC
| LEADER | 00000nam a2200000 a 4500 | ||
|---|---|---|---|
| 001 | UCU0887 | ||
| 003 | CL-VaPUC | ||
| 008 | 960329e19700000CL |||||||||||||||||spa|d | ||
| 082 | 0 | 4 | |a 378.001 |b THA |2 21 |
| 100 | 0 | |a Thayer Arteaga, William |e author |9 356353 | |
| 245 | 1 | 0 | |a Discursos Universitarios |
| 300 | |a 34 p | ||
| 942 | |c BK | ||
| 945 | |d 19960329 00:00:00 |a cmena | ||
| 260 | |a Valdivia |b Universidad Austral de Chile |c 1970 | ||
| 650 | 0 | |a Universidades |9 256317 | |
| 650 | 0 | |a Educación superior |9 223851 | |
| 650 | 0 | |a Juventud |9 271073 | |
| 583 | |a last modification |c 19960329 00:00:00 |k Rodrigo Vera | ||
| 999 | |c 245665 |d 245663 | ||
| 952 | |0 0 |1 0 |4 0 |6 378_001000000000000_THA_1970 |7 0 |8 P |9 260248 |a BIBEDU |b BIBEDU |c BIBEDU_PB |d 2019-11-19 |i 1638009 |o 378.001 THA 1970 |p 1638009 |r 2024-01-25 |w 2019-11-19 |y BK |k EDU | ||